| 000 -LEADER |
| fixed length control field |
00408nam a22001337a 4500 |
| 020 ## - INTERNATIONAL STANDARD BOOK NUMBER |
| ISBN |
9781111835026 |
| 050 ## - LIBRARY OF CONGRESS CALL NUMBER |
| Classification number |
PN 1992 |
| 100 ## - MAIN ENTRY--AUTHOR NAME |
| Personal name |
Eastman, Susan Tyler; Ferguson, Douglas A. |
| 245 ## - TITLE STATEMENT |
| Title |
Media programming: strategies and practices |
| 250 ## - EDITION STATEMENT |
| Edition statement |
9th edition |
| 260 ## - PUBLICATION, DISTRIBUTION, ETC. (IMPRINT) |
| Place of publication |
Boston |
| Name of publisher |
Wadsworth Cengage Learning |
| Year of publication |
2013 |
| 300 ## - PHYSICAL DESCRIPTION |
| Number of Pages |
xii, 484p.:ill. includes bibliographical references and index |
| 942 ## - ADDED ENTRY ELEMENTS (KOHA) |
| Koha item type |
Books |